02464nam a22003497u 4500001001000000003000400010005001700014008004100031040000800072041000800080084002900088100001900117245004800136260008600184300004500270490004800315520143900363650001301802650001701815650002701832650002301859650001401882650001201896650001801908650002501926650002201951650001201973651001201985700002101997830006102018856003502079pwiiw4411OSt20260516120049.0180302t2018 au ||||| |||||||| ||ger d cOSt ager aE24aO11aO14aZ322jelc1 aHolzner, Mario10aWirtschaftliche Perspektiven für Kroatien aWien :bWiener Institut für Internationale Wirtschaftsvergleiche (wiiw),c2018. a36 S., b4 Tables and 10 Figures,c30cm.1 awiiw Research Reports in German Languagev9 aThis publication is available in German language only. For a brief English summary see further below. Eine Analyse der kroatischen Wirtschaft und abgeleitete Politikempfehlungen auf nationaler und EU-Ebene Ziel der Studie ist die Ausarbeitung von Politikempfehlungen, die dabei helfen sollen, die kroatische Wirtschaft positiv zu stimulieren und der Bevölkerung im Land eine langfristige Perspektive zu geben. Dabei soll insbesondere analysiert werden, welchen Beitrag Österreich und die EU zur Abfederung etwaiger Effekte auf den kroatischen und österreichischen Arbeitsmarkt leisten können, die bei Auslaufen der Übergangsregelungen für die Beschäftigung von kroatischen Arbeitskräften in Österreich, die bis längstens 30.06.2020 in Anspruch genommen werden können, zu erwarten sind. English Summary Economic Prospects for Croatia An Analysis of the Croatian Economy and Resulting Policy Recommendations at National and EU Level The aim of the study is to develop policy recommendations that are supportive of providing a positive stimulus to the Croatian economy and offering a long-term perspective to the population in the country. In particular, it is analysed which contributions Austria and the EU can make to mitigate potential negative effects that may arise upon the expiration (by 30 June 2020 at the latest) of the transitional arrangements for employing Croatian citizens in Austria.      aKroatien aArbeitsmarkt aWirtschaftsentwicklung aIndustrialisierung aTourismus aCroatia alabour market aeconomic development aindustrialisation atourism aCroatia1 aVidovic, Hermine 0v9wWIIW0000108twiiw Research Reports in German Language40uhttps://wiiw.ac.at/p-4411.html